| 000 -LEADER |
| fixed length control field |
00957cam a2200301 a 4500 |
| 001 - CONTROL NUMBER |
| control field |
1621705 |
| 003 - CONTROL NUMBER IDENTIFIER |
| control field |
OSt |
| 005 - DATE AND TIME OF LATEST TRANSACTION |
| control field |
20231004112939.0 |
| 008 - FIXED-LENGTH DATA ELEMENTS--GENERAL INFORMATION |
| fixed length control field |
190711t20102010dcua j 000 0 eng d |
| 010 ## - LIBRARY OF CONGRESS CONTROL NUMBER |
| LC control number |
2010011648 |
| 020 ## - INTERNATIONAL STANDARD BOOK NUMBER |
| International Standard Book Number |
9781426307126 |
| Qualifying information |
(pbk.) : |
| 040 ## - CATALOGING SOURCE |
| Original cataloging agency |
KML |
| Language of cataloging |
eng |
| Transcribing agency |
KML |
| Description conventions |
aacr2 |
| Modifying agency |
KH8 |
| 041 0# - LANGUAGE CODE |
| Language code of text/sound track or separate title |
eng |
| 042 ## - AUTHENTICATION CODE |
| Authentication code |
nbic |
| 082 0# - DEWEY DECIMAL CLASSIFICATION NUMBER |
| Classification number |
629.13334 SHI |
| 100 1# - MAIN ENTRY--PERSONAL NAME |
| Personal name |
Shields, Amy. |
| Relator term |
author |
| 245 10 - TITLE STATEMENT |
| Title |
Planes / |
| Statement of responsibility, etc. |
Amy Shields. |
| 260 ## - PUBLICATION, DISTRIBUTION, ETC. |
| Place of publication, distribution, etc. |
Washington, D.C. : |
| Name of publisher, distributor, etc. |
National Geographic, |
| Date of publication, distribution, etc. |
[2010] |
| 300 ## - PHYSICAL DESCRIPTION |
| Extent |
32 p. : |
| Other physical details |
color ill. ; |
| Dimensions |
24 cm. |
| 490 1# - SERIES STATEMENT |
| Series statement |
National Geographic kids readers ; |
| Volume/sequential designation |
Level 1. |
| 490 1# - SERIES STATEMENT |
| Series statement |
National Geographic kids. |
| 526 8# - STUDY PROGRAM INFORMATION NOTE |
| Program name |
Accelerated Reader AR |
| Interest level |
Lower Grades |
| Reading level |
2.8 |
| Title point value |
0.5 |
| Public note |
quiz: 139510. |
| 526 8# - STUDY PROGRAM INFORMATION NOTE |
| Program name |
Reading Counts RC |
| Interest level |
K-2 |
| Reading level |
2.5 |
| Title point value |
1 |
| Public note |
quiz: 52056. |
| 650 #0 - SUBJECT ADDED ENTRY--TOPICAL TERM |
| Topical term or geographic name entry element |
Airplanes |
| Form subdivision |
Juvenile literature. |
| 830 #0 - SERIES ADDED ENTRY--UNIFORM TITLE |
| Uniform title |
National Geographic kids readers ; |
| Volume/sequential designation |
Level 1. |
| 830 #0 - SERIES ADDED ENTRY--UNIFORM TITLE |
| Uniform title |
National Geographic kids. |
| 942 ## - ADDED ENTRY ELEMENTS (KOHA) |
| Source of classification or shelving scheme |
|
| Koha item type |
Books - Non Ficton |